La privación de libertad en el relato de los protagonistas
Uloženo v:
| Korporativní autor: | |
|---|---|
| Médium: | Kniha |
| Jazyk: | španělština |
| Vydáno: |
Santiago
Sename
1999
|
| Edice: | Documento de Trabajo, 2
|
| Témata: | |
| Tagy: |
Přidat tag
Žádné tagy, Buďte první, kdo vytvoří štítek k tomuto záznamu!
|
MARC
| LEADER | 00000nam a2200000 a 4500 | ||
|---|---|---|---|
| 001 | UCO2974 | ||
| 003 | CL-VaPUC | ||
| 008 | 000610e19990000CL |||||||||||||||||spa|d | ||
| 082 | 0 | 4 | |a 364.36 |b SEN |2 21 |
| 110 | 2 | |a SENAME |e author |9 446762 | |
| 245 | 1 | 3 | |a La privación de libertad en el relato de los protagonistas |
| 300 | |a 53 h | ||
| 942 | |c BK | ||
| 945 | |d 20000610 00:00:00 |a rbrito | ||
| 260 | |a Santiago |b Sename |c 1999 | ||
| 650 | 0 | |a Delincuencia juvenil |9 311188 | |
| 650 | 0 | |a Adolescentes |9 308058 | |
| 650 | 0 | |a Jóvenes |9 326981 | |
| 650 | 0 | |a Libertad |9 255686 | |
| 650 | 0 | |a Sexualidad |9 358183 | |
| 650 | 7 | |a REHABILITACION CONDUCTUAL |2 CL-VaPUC |9 446763 | |
| 583 | |a last modification |c 20000610 00:00:00 |k Rodrigo Vera | ||
| 490 | 0 | |a Documento de Trabajo, 2 | |
| 999 | |c 289462 |d 289460 | ||
| 952 | |0 0 |1 0 |4 0 |6 364_360000000000000_SEN_1999 |7 0 |8 P |9 337874 |a BIBEDU |b BIBEDU |c BIBEDU_PB |d 2019-11-20 |i 3623130 |o 364.36 SEN 1999 |p 3623130 |r 2024-01-25 |w 2019-11-20 |y BK |k BME | ||